Democracia y lobby: un marco teórico /

Este artículo presenta un marco teórico para comprender la relación entre la democracia y la actividad de lobby. Examina cómo las democracias modernas, que se basan en la participación y representación de múltiples intereses, han abierto espacios para que los grupos de presión influyan en la formula...

Popoln opis

Shranjeno v:
Bibliografske podrobnosti
Glavni avtor: Álvarez Ugarte, Ramiro
Format: Knjiga
Jezik:Spanish
Teme:
Online dostop:texto completo
Oznake: Označite
Brez oznak, prvi označite!

MARC

LEADER 00000nam a22000007a 4500
003 cru CIDCACS/IIS
005 20230921143155.0
007 ta
008 181018s2018 ag |||p|r||||||0| ||spa||
040 |c cru CIDCACS/IIS 
100 1 |9 7835  |a Álvarez Ugarte, Ramiro 
245 1 |a Democracia y lobby:  |b un marco teórico /  |c Ramiro Álvarez Ugarte 
300 |a páginas 62-72 
520 |a Este artículo presenta un marco teórico para comprender la relación entre la democracia y la actividad de lobby. Examina cómo las democracias modernas, que se basan en la participación y representación de múltiples intereses, han abierto espacios para que los grupos de presión influyan en la formulación de políticas públicas. El artículo también analiza las tensiones y desafíos que surgen en esta interacción entre la democracia y el lobby. Se exploran temas como la transparencia, la rendición de cuentas, la igualdad de acceso y la ética en el proceso de toma de decisiones. En última instancia, el marco teórico propuesto busca enriquecer la comprensión de cómo funcionan las democracias contemporáneas en un entorno donde los grupos de lobby desempeñan un papel cada vez más influyente. RAR 09/2023 
650 0 |2 OCDE  |9 83  |a DEMOCRACIA 
650 0 |2 OCDE  |9 3784  |a POLITICAS PUBLICAS  
650 0 |2 OCDE  |9 11602  |a PARTICIPACION ACTIVA 
650 0 |2 OCDE  |9 7937  |a RENDICION DE CUENTAS 
650 0 |2 UNESCO   |9 8589  |a IGUALDAD DE PARTICIPACION 
650 0 |2 OCDE  |9 194  |a ETICA 
650 7 |2 UNESCO   |9 9643  |a GRUPOS DE PRESION 
650 0 |2 OCDE  |9 1538  |a TOMA DE DECISIONES 
773 0 |0 19022  |9 2339  |a Fundación Friedrich Ebert  |d Fundación Friedrich Ebert; Nueva Sociedad  |o 18948  |t Nueva Sociedad / 
856 |u http://nuso.org/media/articles/downloads/2.TC.Alvarez_Ugarte276.pdf  |y texto completo 
942 |2 ddc  |c PP 
999 |c 41817  |d 41817